000
00196 a2200097 4500
020
_a
9781595341549
041
_a
spa
100
_a
Trynity University Press
245
_a
Black y Blanco
942
_c
BK
999
_c
14919
_d
14919